Sea monsters and the sun god : (Record no. 331694)
[ view plain ]
| 000 -LEADER | |
|---|---|
| fixed length control field | 00927cam a22002654a 4500 |
| 001 - CONTROL NUMBER | |
| control field | 14566906 |
| 003 - CONTROL NUMBER IDENTIFIER | |
| control field | NUST |
| 005 - DATE AND TIME OF LATEST TRANSACTION | |
| control field | 20171013132546.0 |
| 008 - FIXED-LENGTH DATA ELEMENTS--GENERAL INFORMATION | |
| fixed length control field | 060924s2006 pk a 000 0 eng |
| 010 ## - LIBRARY OF CONGRESS CONTROL NUMBER | |
| LC control number | 2006312585 |
| 020 ## - INTERNATIONAL STANDARD BOOK NUMBER | |
| International Standard Book Number | 9693519019 |
| 025 ## - OVERSEAS ACQUISITION NUMBER | |
| Overseas acquisition number | P-E-2006312585 ; 17 |
| 040 ## - CATALOGING SOURCE | |
| Original cataloging agency | DLC |
| Transcribing agency | DLC |
| 042 ## - AUTHENTICATION CODE | |
| Authentication code | lcode |
| 043 ## - GEOGRAPHIC AREA CODE | |
| Geographic area code | a-pk--- |
| 050 00 - LIBRARY OF CONGRESS CALL NUMBER | |
| Classification number | DS377 |
| Item number | .R354 2006 |
| 082 ## - DEWEY DECIMAL CLASSIFICATION NUMBER | |
| Classification number | 954.910453 |
| Author Mark | RAS |
| 100 1# - MAIN ENTRY--PERSONAL NAME | |
| Personal name | Rashid, Salman, |
| Dates associated with a name | 1952- |
| 9 (RLIN) | 3759 |
| 245 10 - TITLE STATEMENT | |
| Title | Sea monsters and the sun god : |
| Remainder of title | travels in Pakistan / |
| Statement of responsibility, etc. | Salman Rashid. |
| 260 ## - PUBLICATION, DISTRIBUTION, ETC. | |
| Place of publication, distribution, etc. | Lahore : |
| Name of publisher, distributor, etc. | Sang-e-Meel Publications , |
| Date of publication, distribution, etc. | 2006. |
| 300 ## - PHYSICAL DESCRIPTION | |
| Extent | 240 p. : |
| Other physical details | col. ill. ; |
| Dimensions | 29 cm. |
| 500 ## - GENERAL NOTE | |
| General note | "These articles were published in "The News on Sunday" and "Herald" between 1998 and 2000"--P. [7]. |
| 651 #0 - SUBJECT ADDED ENTRY--GEOGRAPHIC NAME | |
| Geographic name | Pakistan |
| General subdivision | Description and travel. |
| 9 (RLIN) | 3431 |
| 906 ## - LOCAL DATA ELEMENT F, LDF (RLIN) | |
| a | 7 |
| b | cbc |
| c | origode |
| d | 3 |
| e | ncip |
| f | 20 |
| g | y-gencatlg |
| 942 ## - ADDED ENTRY ELEMENTS (KOHA) | |
| Source of classification or shelving scheme | |
| Koha item type | Book |
| Withdrawn status | Lost status | Source of classification or shelving scheme | Damaged status | Not for loan | Collection code | Permanent Location | Current Location | Shelving location | Date acquired | Total Checkouts | Full call number | Barcode | Date last seen | Date last checked out | Copy number | Price effective from | Koha item type | Source of acquisition |
|---|---|---|---|---|---|---|---|---|---|---|---|---|---|---|---|---|---|---|
| Central Library (CL) | Central Library (CL) | Book Cart | 10/13/2017 | 1 | 954.910453 RAS | CL2371 | 11/13/2021 | 09/30/2021 | 1 | 10/13/2017 | Book | |||||||
| Central Library (CL) | Central Library (CL) | 10/18/2019 | 1 | 954.910453 RAS | CL-D-714 | 06/21/2023 | 04/18/2022 | 10/18/2019 | Book | Donation |
